<?xml version="1.0" encoding="UTF-8"?>
<record
    xmlns:xsi="http://www.w3.org/2001/XMLSchema-instance"
    xsi:schemaLocation="http://www.loc.gov/MARC21/slim http://www.loc.gov/standards/marcxml/schema/MARC21slim.xsd"
    xmlns="http://www.loc.gov/MARC21/slim">

  <leader>00906nam a22002417a 4500</leader>
  <controlfield tag="003">NALT</controlfield>
  <controlfield tag="005">20230316111645.0</controlfield>
  <controlfield tag="008">170502b        th ||||| |||| 00| 0 tha d</controlfield>
  <datafield tag="020" ind1=" " ind2=" ">
    <subfield code="a">9786167895093</subfield>
  </datafield>
  <datafield tag="040" ind1=" " ind2=" ">
    <subfield code="a">NALT</subfield>
  </datafield>
  <datafield tag="050" ind1=" " ind2=" ">
    <subfield code="a">HD 57.7</subfield>
    <subfield code="b">&#xE2D;267&#xE0B; 2559</subfield>
  </datafield>
  <datafield tag="100" ind1="0" ind2=" ">
    <subfield code="a">&#xE2D;&#xE20;&#xE34;&#xE23;&#xE32;&#xE14;&#xE35; &#xE08;&#xE31;&#xE19;&#xE17;&#xE23;&#xE4C;&#xE41;&#xE2A;&#xE07;</subfield>
    <subfield code="9">32350</subfield>
  </datafield>
  <datafield tag="245" ind1="1" ind2="0">
    <subfield code="a">Super leader &#xE04;&#xE38;&#xE13;&#xE01;&#xE47;&#xE40;&#xE1B;&#xE47;&#xE19;&#xE44;&#xE14;&#xE49; /</subfield>
    <subfield code="c">&#xE2D;&#xE20;&#xE34;&#xE27;&#xE38;&#xE12;&#xE34; &#xE1E;&#xE34;&#xE21;&#xE25;&#xE41;&#xE2A;&#xE07;&#xE2A;&#xE38;&#xE23;&#xE34;&#xE22;&#xE32;.</subfield>
  </datafield>
  <datafield tag="250" ind1=" " ind2=" ">
    <subfield code="a">&#xE1E;&#xE34;&#xE21;&#xE1E;&#xE4C;&#xE04;&#xE23;&#xE31;&#xE49;&#xE07;&#xE17;&#xE35;&#xE48; 1</subfield>
  </datafield>
  <datafield tag="260" ind1=" " ind2=" ">
    <subfield code="a">&#xE01;&#xE23;&#xE38;&#xE07;&#xE40;&#xE17;&#xE1E;&#xE2F; :</subfield>
    <subfield code="b">&#xE1B;&#xE31;&#xE13;&#xE13;&#xE4C;&#xE1A;&#xE38;&#xE4A;&#xE01;,</subfield>
    <subfield code="c">2559.</subfield>
  </datafield>
  <datafield tag="300" ind1=" " ind2=" ">
    <subfield code="a">163 &#xE2B;&#xE19;&#xE49;&#xE32; :</subfield>
    <subfield code="b">&#xE20;&#xE32;&#xE1E;&#xE1B;&#xE23;&#xE30;&#xE01;&#xE2D;&#xE1A; ;</subfield>
    <subfield code="c">19 &#xE0B;&#xE21;.</subfield>
  </datafield>
  <datafield tag="650" ind1=" " ind2="4">
    <subfield code="a">&#xE1C;&#xE39;&#xE49;&#xE19;&#xE33;</subfield>
  </datafield>
  <datafield tag="650" ind1=" " ind2="4">
    <subfield code="a">&#xE01;&#xE32;&#xE23;&#xE1A;&#xE23;&#xE34;&#xE2B;&#xE32;&#xE23;</subfield>
  </datafield>
  <datafield tag="650" ind1=" " ind2="4">
    <subfield code="a">&#xE20;&#xE32;&#xE27;&#xE30;&#xE1C;&#xE39;&#xE49;&#xE19;&#xE33;</subfield>
  </datafield>
  <datafield tag="850" ind1=" " ind2=" ">
    <subfield code="a">NALT</subfield>
  </datafield>
  <datafield tag="942" ind1=" " ind2=" ">
    <subfield code="2">lcc</subfield>
    <subfield code="c">GB</subfield>
  </datafield>
  <datafield tag="998" ind1=" " ind2=" ">
    <subfield code="c">phon</subfield>
    <subfield code="b">phon</subfield>
    <subfield code="a">phon</subfield>
    <subfield code="j">8</subfield>
    <subfield code="k"> &#xE19;&#xE32;&#xE22;&#xE1A;&#xE31;&#xE13;&#xE11;&#xE34;&#xE15;  &#xE2D;&#xE38;&#xE17;&#xE32;&#xE27;&#xE07;&#xE04;&#xE4C;</subfield>
  </datafield>
  <datafield tag="999" ind1=" " ind2=" ">
    <subfield code="c">92139</subfield>
    <subfield code="d">92139</subfield>
  </datafield>
  <datafield tag="952" ind1=" " ind2=" ">
    <subfield code="0">0</subfield>
    <subfield code="1">0</subfield>
    <subfield code="2">lcc</subfield>
    <subfield code="4">0</subfield>
    <subfield code="7">0</subfield>
    <subfield code="8">CGBL</subfield>
    <subfield code="a">NALT</subfield>
    <subfield code="b">NALT</subfield>
    <subfield code="d">2017-05-02</subfield>
    <subfield code="l">2</subfield>
    <subfield code="o">HD 57.7 &#xE2D;267&#xE0B; 2559</subfield>
    <subfield code="p">3961206011</subfield>
    <subfield code="r">2023-04-21 00:00:00</subfield>
    <subfield code="s">2023-03-16</subfield>
    <subfield code="w">2017-05-02</subfield>
    <subfield code="y">GB</subfield>
  </datafield>
</record>
